000 00528nam a2200121Ia 4500
008 220615s9999||||xx |||||||||||||| ||und||
100 _aBeider, Harris
245 0 _aWhite Working-Class Voices
_bMulticulturalism, Community-Building and Change
546 _aEnglish[eng]
650 _aPolitical Science||Public Policy||Social Services & Welfare
856 _uhttps://library.oapen.org/bitstream/20.500.12657/53428/1/external_content.pdf||https://library.oapen.org/bitstream/20.500.12657/53428/1/external_content.pdf
942 _cEB
999 _c11460
_d11460